02063nam a2200433 a 4500001001200000003000800012006001900020007001500039008004100054010001700095015001900112016001800131020004300149020004000192020003800232020003500270040002100305035002100326043001200347050002500359082002100384100003100405245012000436260006100556300002200617490004100639504006400680505034500744533015201089650003601241650003501277650003801312650004801350655002901398710001701427830004201444856012601486999001701612ebr10240597CaPaEBRm u cr cn|||||||||070511s2008 njua sb s001 0 eng  z 2007019967 aGBA8071572bnb7 z0144940882Uk z9780813542140 (hardcover : alk. paper) z0813542146 (hardcover : alk. paper) z9780813542157 (pbk. : alk. paper) z0813542154 (pbk. : alk. paper) aCaPaEBRcCaPaEBR a(OCoLC)276172284 an-us---14aHV8138b.F454 2008eb04a363.32/309732221 aFernandez, Luis A.,d1969-10aPolicing dissenth[electronic resource] :bsocial control and the anti-globalization movement /cLuis A. Fernandez. aNew Brunswick, N.J. :bRutgers University Press,cc2008. ax, 192 p. :bill.1 aCritical issues in crime and society aIncludes bibliographical references (p. 177-188) and index.0 aProtest, control, and policing -- Perspectives on the control of dissent -- The anti-globalization movement -- Managing and regulating protest : social control and the law -- This is what democracy looks like? : the physical control of space -- "Here come the anarchists" : the psychological control of space -- Law enforcement and control. aElectronic reproduction.bPalo Alto, Calif. :cebrary,d2013.nAvailable via World Wide Web.nAccess may be limited to ebrary affiliated libraries. 0aLaw enforcementzUnited States. 0aSocial controlzUnited States. 0aProtest movementszUnited States. 0aAnti-globalization movementzUnited States. 7aElectronic books.2local2 aebrary, Inc. 0aCritical issues in crime and society.40uhttp://site.ebrary.com/lib/rucke/Doc?id=10240597zAn electronic book accessible through the World Wide Web; click to view c36556d36556